Türkiye National Team Top Scorers - Statistics

General Stats
  • This quiz has been taken 31 times
  • The average score is 4 of 25
Answer Stats
Answer % Correct
Hakan Şükür
96%
Burak Yılmaz
68%
Hakan Çalhanoğlu
68%
Cenk Tosun
39%
Tuncay Şanlı
39%
Kerem Aktürkoğlu
25%
Nihat Kahveci
21%
Arda Turan
14%
Cemil Turan
11%
Cengiz Ünder
11%
Lefter Küçükandonyadis
11%
Semih Şentürk
11%
Emre Belözoğlu
7%
Metin Oktay
7%
Arif Erdem
4%
Ozan Tufan
4%
Umut Bulut
4%
Zeki Rıza Sporel
4%
Ertuğrul Sağlam
0%
Fatih Tekke
0%
Halil Altıntop
0%
Hami Dairy
0%
Mevlüt Erdinç
0%
Oktay Derelioğlu
0%
Tanju Çolak
0%
No matching quizzes found
Score Distribution
Percent of People with Each Score
Percentile by Number Answered
Your Score History
You have not taken this quiz